[Event "Elit(Farsta-Rockaden)"]
[Site "?"]
[Date "2011.01.15"]
[Round "6"]
[White "Ong, Kezli"]
[Black "Bator, Robert"]
[Result "0-1"]
[WhiteElo "2323"]
[BlackElo "2466"]
[PlyCount "46"]

1. e4 Nf6 2. e5 Nd5 3. d4 d6 4. Nf3 dxe5 5. Nxe5 c6 6. Bc4 Nd7 7. Nxd7 Bxd7 8.
Qf3 Be6 9. O-O g6 10. Re1 Bg7 11. Rxe6 fxe6 12. Nd2 Bxd4 13. Ne4 Rf8 14. Qh3
Nf6 15. Bh6 Nxe4 16. Bxf8 Qd6 17. Qxh7 Kd7 18. Bg7 Bxf2+ 19. Kf1 Bc5 20. Qh4
Qd2 21. Re1 g5 22. Bxe6+ Kc7 23. Be5+ Kb6 0-1

[Event "Elit(Farsta-Rockaden)"]
[Site "?"]
[Date "2011.01.15"]
[Round "6"]
[White "Hedman, Erik"]
[Black "Wieweg, Johnny"]
[Result "1/2-1/2"]
[WhiteElo "2413"]
[BlackElo "2204"]
[PlyCount "38"]

1. e4 e5 2. Bc4 Nc6 3. Nf3 d6 4. c3 Be7 5. d4 Nf6 6. O-O O-O 7. Re1 Bg4 8. Bb3
Bxf3 9. gxf3 Nh5 10. dxe5 dxe5 11. Qxd8 Raxd8 12. Be3 Rd6 13. Nd2 Rfd8 14. Rad1
Kf8 15. a4 Nf4 16. Nc4 Rxd1 17. Bxd1 a5 18. Bc2 Ne6 19. Rd1 Rxd1+ 1/2-1/2

[Event "Elit(LASK-Kamraterna)"]
[Site "?"]
[Date "2011.01.15"]
[Round "6"]
[White "Smith, Axel"]
[Black "Akbarinia, Arash"]
[Result "1-0"]
[WhiteElo "2540"]
[BlackElo "2326"]
[PlyCount "117"]

1. d4 d5 2. c4 c6 3. Nc3 Nf6 4. e3 g6 5. Nf3 Bg7 6. Be2 O-O 7. O-O Nbd7 8. cxd5
cxd5 9. Qb3 Nb8 10. Bd2 b6 11. Rfc1 Ba6 12. Bxa6 Nxa6 13. Ne5 Nc7 14. Rc2 Kh8
15. Rac1 Nfe8 16. Nb5 Nxb5 17. Qxb5 f6 18. Nd3 e5 19. Nb4 exd4 20. Nc6 Qd7 21.
Nxd4 Qxb5 22. Nxb5 a6 23. Nd4 Kg8 24. Rc6 b5 25. R1c5 f5 26. Ne6 Rf7 27. Nxg7
Rxg7 28. Rxd5 Rb7 29. Kf1 Kf7 30. Bc3 Raa7 31. Ke2 Rc7 32. Rdc5 Rxc6 33. Rxc6
Ke7 34. Bd4 Ra8 35. Rb6 Nc7 36. Rb7 Kd6 37. Be5+ Kxe5 38. Rxc7 h5 39. h4 Kf6
40. b3 a5 41. Rc6+ Kf7 42. Rc5 b4 43. Rc7+ Kf6 44. Rc6+ Kg7 45. Kf3 Kh6 46. g3
Ra7 47. Rb6 Rc7 48. Rb5 Ra7 49. Kf4 Ra8 50. f3 Ra7 51. e4 fxe4 52. fxe4 Rf7+
53. Ke3 Ra7 54. e5 Kg7 55. Kf4 Ra6 56. Kg5 Kf7 57. Rd5 Ra7 58. Rd6 Rc7 59. Rxg6
1-0

[Event "Elit(LASK-Kamraterna)"]
[Site "?"]
[Date "2011.01.15"]
[Round "6"]
[White "Svensson, Bengt"]
[Black "Grandelius, Nils"]
[Result "1/2-1/2"]
[WhiteElo "2479"]
[BlackElo "2637"]
[PlyCount "64"]

1. e4 e5 2. Nf3 Nc6 3. Bb5 a6 4. Ba4 Nf6 5. O-O Be7 6. Re1 b5 7. Bb3 d6 8. c3
O-O 9. h3 Na5 10. Bc2 c5 11. d4 Nd7 12. Nbd2 exd4 13. cxd4 Nc6 14. Nf1 Bf6 15.
Be3 Bb7 16. Ng3 g6 17. Qd2 Rc8 18. Rac1 Re8 19. Bb1 cxd4 20. Nxd4 Nxd4 21. Bxd4
Rxc1 22. Rxc1 Bg5 23. Be3 Bxe3 24. Qxe3 Qf6 25. Qd2 Nc5 26. f3 Qe5 27. Nf1 Ne6
28. Rd1 Rc8 29. Ne3 h5 30. a3 Rd8 31. Ba2 Nf4 32. h4 Kg7 1/2-1/2

[Event "Elit(LASK-Kamraterna)"]
[Site "?"]
[Date "2011.01.15"]
[Round "6"]
[White "Borvander, Tom"]
[Black "Lund, Silas"]
[Result "0-1"]
[WhiteElo "2221"]
[BlackElo "2455"]
[PlyCount "112"]

1. d4 Nf6 2. c4 c5 3. d5 e5 4. Nc3 d6 5. e4 Be7 6. Bd3 O-O 7. Nf3 Bg4 8. h3
Bxf3 9. Qxf3 Ne8 10. h4 h6 11. g3 Nd7 12. Bf1 Nc7 13. Rb1 a6 14. a4 Rb8 15. Bd2
Nf6 16. Be2 h5 17. Qd3 Qd7 18. Kf1 g6 19. Kg2 Rfe8 20. b3 Bf8 21. Rb2 Kh7 22.
Bg5 Ng8 23. Rhb1 a5 24. Rf1 Na6 25. Bd1 Nb4 26. Qb1 Bh6 27. f4 exf4 28. Bxf4
Bg7 29. e5 dxe5 30. Be3 e4 31. Rbf2 f5 32. Nb5 Nd3 33. Rd2 Nf6 34. Be2 Ng4 35.
Bxg4 hxg4 36. h5 Bh6 37. hxg6+ Kxg6 38. Bxh6 Kxh6 39. d6 Kg6 40. Rxd3 exd3 41.
Qxd3 Qc6+ 42. Kg1 Qe4 43. Rd1 Qxd3 44. Rxd3 Rbd8 45. Kf2 Re4 46. Rd5 b6 47. Rd3
Kf6 48. Rd5 Rde8 49. Rd2 Rh8 50. Kg2 f4 51. gxf4 Rxf4 52. Nc7 Rd4 53. Re2 Rxd6
54. Ne8+ Rxe8 55. Rxe8 Rd3 56. Rf8+ Ke5 0-1

[Event "Elit(LASK-Kamraterna)"]
[Site "?"]
[Date "2011.01.15"]
[Round "6"]
[White "Olsson, Linus"]
[Black "Andersson, Michael"]
[Result "0-1"]
[WhiteElo "2319"]
[BlackElo "2221"]
[PlyCount "102"]

1. d4 d6 2. c4 e5 3. Nf3 e4 4. Ng1 f5 5. Nc3 Nf6 6. Bg5 Be7 7. e3 c6 8. Nh3 Na6
9. Nf4 O-O 10. h4 Nc7 11. Be2 Ne6 12. Qc2 Nxf4 13. Bxf4 Be6 14. h5 h6 15. O-O-O
d5 16. c5 b6 17. cxb6 axb6 18. Kb1 b5 19. Rd2 Qa5 20. b3 Bb4 21. Rc1 Bf7 22.
Be5 Bxh5 23. Bxh5 Nxh5 24. f4 Nf6 25. Bxf6 Rxf6 26. g3 Rg6 27. Rg2 Rf8 28. Ka1
Rff6 29. Nb1 Rg4 30. Kb2 Be7 31. a3 b4 32. a4 Rfg6 33. Nd2 c5 34. Nf1 Kh7 35.
dxc5 Rc6 36. Rd2 Rxc5 37. Qd1 Bf6+ 38. Ka2 Bc3 39. Rg2 Qa6 40. Nh2 Rg6 41. Qh5
d4 42. exd4 Rd5 43. Nf1 Bxd4 44. Rd1 Rgd6 45. Rgd2 Qc6 46. Qe2 Bf6 47. Rxd5
Rxd5 48. Rxd5 Qxd5 49. Qc2 Qd4 50. Qc1 Qf2+ 51. Kb1 Bd4 0-1

[Event "Elit(LASK-Kamraterna)"]
[Site "?"]
[Date "2011.01.15"]
[Round "6"]
[White "Martensson, Ulf"]
[Black "Dragicevic, Drazen"]
[Result "1/2-1/2"]
[WhiteElo "2098"]
[BlackElo "2354"]
[PlyCount "96"]

1. d4 Nf6 2. Nf3 g6 3. c4 Bg7 4. Nc3 d5 5. e3 O-O 6. Be2 c5 7. dxc5 Qa5 8. cxd5
Nxd5 9. Qxd5 Bxc3+ 10. Bd2 Rd8 11. Qxd8+ Qxd8 12. Bxc3 Nc6 13. O-O a5 14. Rfd1
Qc7 15. Nd4 Nxd4 16. Bxd4 e5 17. Bc3 Be6 18. Bf3 Ra7 19. Bd5 Qxc5 20. Bxe5 b6
21. e4 Bxd5 22. Rxd5 Qe7 23. f3 f6 24. Bc3 Kf7 25. Rad1 Rc7 26. Rd6 Rxc3 27.
bxc3 Qe5 28. R6d4 g5 29. a4 Kg6 30. R1d3 Qc5 31. Kf1 Qa3 32. h3 Qc1+ 33. Kf2
Qb2+ 34. Kf1 b5 35. axb5 a4 36. Rd2 Qxb5+ 37. Kf2 a3 38. Ra2 Qb3 39. Rdd2 Qxc3
40. Rdc2 Qb3 41. Rd2 h5 42. Re2 g4 43. hxg4 hxg4 44. fxg4 Kg5 45. Ra1 Kxg4 46.
Rea2 Qg3+ 47. Kf1 Qd3+ 48. Kf2 Qg3+ 1/2-1/2

[Event "Elit(LASK-Kamraterna)"]
[Site "?"]
[Date "2011.01.15"]
[Round "6"]
[White "Nilsson, Sebastian"]
[Black "Nyberg, Ulf"]
[Result "1-0"]
[WhiteElo "2402"]
[BlackElo "2081"]
[PlyCount "55"]

1. e4 e5 2. Nf3 Nc6 3. Bc4 Nf6 4. Ng5 d5 5. exd5 Nd4 6. c3 b5 7. Bf1 Nxd5 8.
cxd4 Qxg5 9. Bxb5+ Kd8 10. Qf3 Bb7 11. O-O exd4 12. d3 Qf6 13. Qg4 Bc8 14. Qh5
Ne7 15. Re1 Qf5 16. Qxf5 Bxf5 17. Nd2 Rb8 18. a4 c6 19. Bc4 Bg6 20. Nf3 c5 21.
Ng5 Nc6 22. Bxf7 Bxd3 23. Bd5 Kd7 24. Nf7 Bd6 25. Re6 Be7 26. Rxc6 Bf6 27. Nxh8
Rxh8 28. Bf4 1-0

[Event "Elit(Kamraterna-Limhamn)"]
[Site "?"]
[Date "2011.02.05"]
[Round "7"]
[White "Hamark, Jesper"]
[Black "Hector, Jonny"]
[Result "1/2-1/2"]
[WhiteElo "2411"]
[BlackElo "2659"]
[PlyCount "102"]

1. c4 e5 2. g3 h5 3. h4 Nc6 4. Bg2 Bc5 5. Nc3 d6 6. d3 Bg4 7. Nf3 Nge7 8. a3 a6
9. b4 Ba7 10. O-O Qd7 11. Nd5 Nf5 12. e3 Nd8 13. Qc2 Ne6 14. Nh2 c6 15. Nc3 Qe7
16. b5 Rc8 17. bxa6 bxa6 18. d4 exd4 19. Nxg4 g6 20. Nh2 dxc3 21. Qxc3 O-O 22.
Bb2 f6 23. Nf3 Rb8 24. Rad1 Nc5 25. Ba1 Ne4 26. Qd3 Rfe8 27. Nd4 Bxd4 28. Bxd4
d5 29. cxd5 cxd5 30. Qxa6 Nxd4 31. Bxe4 Ne2+ 32. Qxe2 dxe4 33. a4 Rb4 34. a5
Qe5 35. Ra1 Rb2 36. Qc4+ Kg7 37. a6 Rd8 38. Rfd1 Qf5 39. Qc7+ Kh6 40. Qf4+ Qxf4
41. gxf4 Rxd1+ 42. Rxd1 Ra2 43. Rd6 Ra1+ 44. Kg2 f5 45. Rb6 Kg7 46. Rb7+ Kf6
47. a7 Ke6 48. Rc7 Kf6 49. f3 Ra2+ 50. Kg3 exf3 51. Kxf3 Ke6 1/2-1/2

[Event "Elit(Kamraterna-Limhamn)"]
[Site "?"]
[Date "2011.02.05"]
[Round "7"]
[White "Jepson, Christian"]
[Black "Svenn, Gosta"]
[Result "1-0"]
[WhiteElo "2473"]
[BlackElo "2349"]
[PlyCount "65"]

1. d4 Nf6 2. c4 d6 3. Nc3 g6 4. e4 Bg7 5. f4 O-O 6. Nf3 c5 7. d5 b5 8. cxb5 a6
9. a4 Nbd7 10. Be2 axb5 11. Bxb5 Ba6 12. Bd2 c4 13. O-O Nc5 14. Qe2 Nd3 15.
Rab1 e6 16. dxe6 fxe6 17. Ne1 Bxb5 18. axb5 Nxe1 19. Rbxe1 d5 20. e5 Nd7 21.
Be3 Qe7 22. Ra1 Nc5 23. b6 Rfb8 24. Qf3 Rxa1 25. Rxa1 Bf8 26. Ra7 Rb7 27. Ra8
Kg7 28. f5 gxf5 29. Qg3+ Kf7 30. Bg5 Qd7 31. Qh4 Ne4 32. Qxh7+ Bg7 33. Bh6 1-0

[Event "Elit(Kamraterna-Limhamn)"]
[Site "?"]
[Date "2011.02.05"]
[Round "7"]
[White "Andreasson, Ingvar"]
[Black "Brynell, Stellan"]
[Result "0-1"]
[WhiteElo "2419"]
[BlackElo "2546"]
[PlyCount "74"]

1. b3 d5 2. Nf3 Bg4 3. Bb2 Nd7 4. c4 e6 5. e3 Ngf6 6. Be2 Bd6 7. O-O O-O 8. d4
c6 9. Nbd2 Qe7 10. Ne5 Bxe2 11. Qxe2 Ba3 12. Nxd7 Nxd7 13. Bc3 Bb4 14. Bxb4
Qxb4 15. Rfc1 Rfe8 16. a3 Qd6 17. Qf3 Nf6 18. Qg3 Qxg3 19. hxg3 e5 20. Nf3 exd4
21. Nxd4 dxc4 22. Rxc4 g6 23. b4 a6 24. Nb3 Rad8 25. Rd4 Rxd4 26. Nxd4 Ne4 27.
Rc1 f5 28. Kf1 Re5 29. Nb3 Rd5 30. Ke2 Kf7 31. Rc2 Ke7 32. Na5 Rb5 33. Nb3 Kd6
34. f3 Nxg3+ 35. Kf2 Nh5 36. Na5 Nf6 37. Rd2+ Ke7 0-1

[Event "Elit(Kamraterna-Limhamn)"]
[Site "?"]
[Date "2011.02.05"]
[Round "7"]
[White "Penalver, Osmani"]
[Black "Akbarinia, Arash"]
[Result "0-1"]
[WhiteElo "2327"]
[BlackElo "2326"]
[PlyCount "104"]

1. d4 d5 2. c4 c6 3. Nf3 Nf6 4. Nc3 dxc4 5. a4 e6 6. e3 Bb4 7. Bxc4 Ne4 8. Bd2
Nxd2 9. Nxd2 O-O 10. O-O Nd7 11. Nde4 e5 12. Qh5 Qe7 13. Rfe1 h6 14. Bb3 Kh8
15. d5 f5 16. dxc6 bxc6 17. Ng3 Nc5 18. Bc2 Qg5 19. Qxg5 hxg5 20. Red1 Rb8 21.
Na2 Be6 22. Rd6 f4 23. Nf1 Bxa2 24. Rxa2 Rf6 25. Rd1 Rbf8 26. e4 Ne6 27. Rd3
Nd4 28. Bd1 Rd8 29. Bg4 Rfd6 30. Rh3+ Rh6 31. Rh5 Rxh5 32. Bxh5 Nb3 33. g3 a5
34. Kg2 Rd4 35. Bf7 Nc5 36. f3 g4 37. gxf4 exf4 38. Bg6 Nd3 39. Bh5 Ne1+ 40.
Kf2 Nxf3 41. Bxg4 Ne5 42. Bf3 g5 43. h3 Rd3 44. Bg4 Bc5+ 45. Ke2 f3+ 46. Ke1
Rd4 47. Ra1 Rxe4+ 48. Kd1 Nxg4 49. hxg4 Rxg4 50. Kc2 Rg1 51. Rd1 g4 52. Nd2 Rg2
0-1

[Event "Elit(Kamraterna-Limhamn)"]
[Site "?"]
[Date "2011.02.05"]
[Round "7"]
[White "Madebrink, Lars"]
[Black "Mansson, Lars"]
[Result "1-0"]
[WhiteElo "2255"]
[BlackElo "2219"]
[PlyCount "99"]

1. d4 d5 2. Nf3 Nf6 3. g3 c6 4. Bg2 Bg4 5. O-O e6 6. Nbd2 Nbd7 7. c3 Be7 8. Re1
O-O 9. e4 dxe4 10. Nxe4 Nxe4 11. Rxe4 Nf6 12. Re1 c5 13. Qb3 Bxf3 14. Bxf3 cxd4
15. cxd4 Rb8 16. Be3 Qd7 17. d5 Nxd5 18. Bxd5 exd5 19. Bxa7 Ra8 20. Bd4 Ra6 21.
Re5 Rd8 22. Rae1 Bf8 23. Bb6 Rda8 24. a3 Qc6 25. Bd4 Rd8 26. Qe3 Ra4 27. b4 h6
28. Rc1 Qd7 29. Bb6 d4 30. Qb3 Bd6 31. Rd5 Rda8 32. Qc4 Qe6 33. Qxd4 Be7 34.
Rd1 Bf6 35. Qe3 Qxe3 36. Bxe3 Rxa3 37. Rb5 Bc3 38. Rxb7 Ra1 39. Rxa1 Rxa1+ 40.
Kg2 Rb1 41. b5 Rb4 42. b6 g5 43. Rd7 Kg7 44. Kf3 g4+ 45. Ke2 Be5 46. Kd3 h5 47.
Bc5 Rb5 48. Kc4 Rb1 49. Kd5 Bb8 50. Rd8 1-0

[Event "Elit(Kamraterna-Limhamn)"]
[Site "?"]
[Date "2011.02.05"]
[Round "7"]
[White "Lindgren, Philip"]
[Black "Svenn, Matti"]
[Result "1/2-1/2"]
[WhiteElo "2224"]
[BlackElo "2262"]
[PlyCount "129"]

1. d4 Nf6 2. c4 e6 3. Nf3 d5 4. Nc3 Be7 5. cxd5 exd5 6. Bg5 Nbd7 7. e3 h6 8.
Bh4 O-O 9. Bd3 b6 10. O-O Bb7 11. Qe2 a6 12. Rac1 c5 13. dxc5 bxc5 14. Rfd1 Re8
15. Bf5 Nb6 16. Qd3 Qc7 17. Bg3 Bd6 18. Bxd6 Qxd6 19. e4 Qc7 20. exd5 Nbxd5 21.
Nxd5 Bxd5 22. Qc3 Qf4 23. Bb1 Re2 24. Re1 Rae8 25. Rxe2 Rxe2 26. Rd1 g6 27. b3
Bxf3 28. Qxf3 Qxf3 29. gxf3 Rb2 30. Rc1 Nd5 31. Bd3 Rxa2 32. Rxc5 Nf4 33. Bf1
a5 34. Rc4 g5 35. Ra4 Rxa4 36. bxa4 Kf8 37. Bc4 Ke7 38. Kf1 f6 39. Ke1 Kd6 40.
Kd2 Kc5 41. Bb5 Kd4 42. Bd7 Nd3 43. Ke2 Nc5 44. Be8 f5 45. f4 gxf4 46. Kf3 Ke5
47. Bc6 Ne6 48. Bb7 Nd4+ 49. Kg2 Kf6 50. Bd5 Kg5 51. Kh3 Ne2 52. Bb7 Nc1 53.
Bd5 Nd3 54. Kg2 Kf6 55. Kf3 Ke5 56. Bb7 Nc5 57. Bc6 Ne6 58. Bb7 Ng5+ 59. Kg2
Kd4 60. Bc8 Ke4 61. Bb7+ Ke5 62. Bc6 Ne6 63. Bb7 Nc5 64. Bc6 Ne6 65. Bb7
1/2-1/2

[Event "Elit(Kamraterna-Limhamn)"]
[Site "?"]
[Date "2011.02.05"]
[Round "7"]
[White "Borvander, Tom"]
[Black "Holst, Conny"]
[Result "1-0"]
[WhiteElo "2221"]
[BlackElo "2245"]
[PlyCount "89"]
[EventDate "2011.??.??"]

1. d4 Nf6 2. c4 c5 3. d5 e6 4. Nc3 exd5 5. cxd5 d6 6. Nf3 g6 7. Nd2 Nbd7 8. e4
Bg7 9. Be2 O-O 10. O-O Re8 11. f4 a6 12. a4 Qc7 13. Kh1 Rb8 14. e5 dxe5 15. Nc4
b5 16. axb5 axb5 17. Nxe5 c4 18. Be3 Qd6 19. Ra5 Qb4 20. Qa1 Nxe5 21. fxe5 Ng4
22. Bxg4 Bxg4 23. Ra7 Bf5 24. g4 Bxg4 25. Rfxf7 Bxe5 26. Bh6 Qd6 27. Qf1 Bf5
28. Qf3 Bd4 29. Qd1 Bxa7 30. Rg7+ Kh8 31. Rxa7 Re7 32. Qd4+ Kg8 33. Bf4 Bh3 34.
Bxd6 Re1+ 35. Qg1 Rxg1+ 36. Kxg1 Re8 37. Kf2 g5 38. Nxb5 Re4 39. Nc3 Rd4 40.
Ke3 Rd3+ 41. Ke4 h5 42. Ke5 Rf3 43. Kd4 Bf1 44. Ne4 g4 45. Be5 1-0

[Event "Elit(Farsta-Vasteras)"]
[Site "?"]
[Date "2011.02.05"]
[Round "7"]
[White "von Bahr, Oskar"]
[Black "Norberg, Johan"]
[Result "0-1"]
[WhiteElo "2359"]
[BlackElo "2370"]
[PlyCount "80"]

1. c4 g6 2. g3 Bg7 3. Bg2 Nc6 4. Nc3 e5 5. e4 Nge7 6. Nge2 d6 7. d3 Be6 8. Nd5
O-O 9. O-O Nd4 10. Nxd4 exd4 11. b4 c6 12. Nxe7+ Qxe7 13. b5 c5 14. Bf4 Qd7 15.
Qd2 Rfe8 16. a4 f6 17. h4 a5 18. b6 Qe7 19. Rfb1 Bd7 20. Qe1 Bc6 21. Bd2 Qd7
22. Ra3 f5 23. Bh3 Qf7 24. f3 fxe4 25. fxe4 Qf3 26. Bg2 Qg4 27. Kh2 Be5 28. Bh3
Qf3 29. Bg2 Qh5 30. Bh3 Rf8 31. Be6+ Kg7 32. Kh3 Qf3 33. Bg4 Qf2 34. Qxf2 Rxf2
35. Be1 Rc2 36. h5 Rf8 37. Bxa5 gxh5 38. Bxh5 Bd7+ 39. Bg4 Bxg4+ 40. Kxg4 Rh2
0-1

[Event "Elit(Farsta-Vasteras)"]
[Site "?"]
[Date "2011.02.05"]
[Round "7"]
[White "Akesson, Ralf"]
[Black "Ong, Kezli"]
[Result "1-0"]
[WhiteElo "2448"]
[BlackElo "2323"]
[PlyCount "88"]

1. Nf3 Nf6 2. c4 e6 3. Nc3 Bb4 4. Qc2 O-O 5. a3 Bxc3 6. Qxc3 b6 7. e3 Bb7 8.
Be2 d6 9. d3 Nbd7 10. b4 c5 11. O-O Qe7 12. Rb1 Rac8 13. bxc5 Nxc5 14. Qb4 Bxf3
15. gxf3 e5 16. Bb2 Nh5 17. Kh1 Qh4 18. Qe1 f5 19. Rg1 Rf6 20. Rg2 Ne6 21. Qd2
Rh6 22. Rbg1 Rc7 23. f4 exf4 24. Bxh5 Qxh5 25. exf4 Qf3 26. Qe3 Qb7 27. f3 Kf8
28. Re1 Re7 29. Rge2 Rh3 30. Kg2 Rh6 31. d4 d5 32. Qe5 dxc4 33. d5 Rg6+ 34. Kf2
Nc5 35. Qxe7+ Qxe7 36. Rxe7 Nd3+ 37. Kf1 Nxe1 38. Rxe1 Rd6 39. Rd1 g6 40. Bc3
b5 41. Bb4 Ke8 42. Bxd6 Kd7 43. Bc5 a6 44. Re1 Kc7 1-0

[Event "Elit(Farsta-Vasteras)"]
[Site "?"]
[Date "2011.02.05"]
[Round "7"]
[White "Hjelm, Niclas"]
[Black "Eriksson, Anders"]
[Result "0-1"]
[WhiteElo "2376"]
[BlackElo "2305"]
[PlyCount "68"]

1. d4 Nf6 2. c4 c5 3. d5 b5 4. cxb5 a6 5. bxa6 Bxa6 6. Nc3 d6 7. e4 Bxf1 8.
Kxf1 g6 9. Nf3 Bg7 10. g3 O-O 11. Kg2 Nbd7 12. Re1 Qa5 13. e5 dxe5 14. Nxe5
Nxe5 15. Rxe5 Rfe8 16. Qe2 Kf8 17. Bg5 Qa6 18. Qf3 Rab8 19. Re2 Rb4 20. Rae1
Rd4 21. Bf4 Rd3 22. Re3 Rxe3 23. Rxe3 Nd7 24. Re2 Bd4 25. h4 Nf6 26. Rd2 Qc4
27. d6 exd6 28. Bxd6+ Kg7 29. Bf4 Re1 30. Qd3 Qb4 31. Qf3 h5 32. Bg5 Ng4 33.
Ne4 Qc4 34. Nd6 Qf1# 0-1

[Event "Elit(Farsta-Vasteras)"]
[Site "?"]
[Date "2011.02.05"]
[Round "7"]
[White "Nilsson, Andre"]
[Black "Svensk, Ingemar"]
[Result "1-0"]
[WhiteElo "2302"]
[BlackElo "2267"]
[PlyCount "79"]

1. g3 d5 2. Bg2 e5 3. d3 Nf6 4. Nf3 Bd6 5. O-O O-O 6. c4 c6 7. cxd5 cxd5 8. Nc3
Nc6 9. Bg5 d4 10. Nd5 Be7 11. Nxe7+ Qxe7 12. Nd2 h6 13. Bxf6 Qxf6 14. Rc1 Rb8
15. Qa4 Be6 16. Rc5 Qe7 17. Rfc1 f6 18. b4 Rfc8 19. b5 Nd8 20. Rxc8 Rxc8 21.
Rxc8 Bxc8 22. Qxa7 Bg4 23. Bf3 Bh3 24. Qa4 Kh7 25. Qb3 Ne6 26. Bd5 Qd7 27. f3
Nc5 28. Qc4 Be6 29. Bxe6 Nxe6 30. a4 h5 31. Ne4 h4 32. Kg2 Kg6 33. Nc5 h3+ 34.
Kf2 Nxc5 35. Qxc5 Qd8 36. b6 Qe8 37. Qc4 Qe7 38. Qc7 Qb4 39. Qxb7 Qb1 40. Qe4+
1-0

[Event "Elit(Farsta-Vasteras)"]
[Site "?"]
[Date "2011.02.05"]
[Round "7"]
[White "Sandberg, Richard"]
[Black "Wieweg, Johnny"]
[Result "0-1"]
[WhiteElo "2246"]
[BlackElo "2204"]
[PlyCount "92"]

1. e4 e5 2. Nf3 Nc6 3. Bb5 f5 4. d3 fxe4 5. dxe4 Nf6 6. Qd3 Bc5 7. O-O d6 8.
Nc3 O-O 9. Bxc6 bxc6 10. Nxe5 Qe8 11. Nc4 Ba6 12. b3 Ng4 13. Be3 Nxe3 14. fxe3
Qe6 15. Na4 Bb6 16. Naxb6 axb6 17. Rxf8+ Rxf8 18. Qd4 Bxc4 19. bxc4 Qf7 20. h3
Qf2+ 21. Kh2 Rf3 22. c3 Rxe3 23. c5 Qf4+ 24. Kh1 Rxe4 25. Qd3 Re3 26. Qa6 h6
27. Rf1 Qe4 28. cxb6 cxb6 29. Qxb6 Rxh3+ 30. Kg1 Rxc3 31. Qd8+ Kh7 32. Qxd6 Rc2
33. Rf3 Rxa2 34. Qg3 Ra5 35. Rf4 Qb1+ 36. Rf1 Qc2 37. Qe3 Rg5 38. Rf2 Qd1+ 39.
Rf1 Qd5 40. Rf2 Rg6 41. Rd2 Qg5 42. Qc3 Qf5 43. Qc4 Re6 44. Qc1 Qe4 45. Rc2
Qd4+ 46. Kh2 Qh4+ 0-1

[Event "Elit(Farsta-Vasteras)"]
[Site "?"]
[Date "2011.02.05"]
[Round "7"]
[White "Jaderberg, Bjorn"]
[Black "Norberg, Erik"]
[Result "0-1"]
[WhiteElo "2213"]
[BlackElo "2243"]
[PlyCount "82"]

1. c4 g6 2. g3 Bg7 3. Bg2 e5 4. Nc3 Ne7 5. e4 Nbc6 6. d3 d6 7. h4 h5 8. Nge2
Be6 9. Nd5 Ng8 10. Bd2 Nce7 11. Ba5 b6 12. Bc3 c6 13. Ne3 c5 14. b4 Nh6 15. f3
O-O 16. b5 f5 17. a4 Qd7 18. a5 Nf7 19. f4 Rad8 20. axb6 axb6 21. Ra6 fxe4 22.
dxe4 Bxc4 23. Nxc4 Qxb5 24. Ra7 Nc8 25. Ra4 Qc6 26. Qa1 b5 27. Ra6 Qb7 28. Ne3
Nb6 29. Ra7 Qb8 30. Qa6 Na4 31. Ba5 exf4 32. Nd5 f3 33. Bc7 fxg2 34. Rg1 Qxa7
35. Qxa7 Ra8 36. Qb7 Nb2 37. Rxg2 Ra1+ 38. Kd2 Nc4+ 39. Kc2 Na3+ 40. Kd2 Nc4+
41. Kc2 Nd8 0-1

[Event "Elit(Orgryte-Eksjo)"]
[Site "?"]
[Date "2011.02.05"]
[Round "7"]
[White "Ziegler, Ari"]
[Black "Ornstein, Axel"]
[Result "0-1"]
[WhiteElo "2398"]
[BlackElo "2415"]
[PlyCount "54"]
[SourceDate "2011.02.14"]

1. e4 e5 2. Nf3 Nc6 3. Bc4 Bc5 4. b4 d5 5. exd5 Nxb4 6. O-O Bg4 7. Re1 Ne7 8.
Rxe5 Bd4 9. Rxe7+ Qxe7 10. c3 Bxf3 11. gxf3 Bxf2+ 12. Kxf2 Qh4+ 13. Kg2 Qxc4
14. cxb4 O-O-O 15. Nc3 Rhe8 16. Bb2 Rd6 17. Rc1 Rg6+ 18. Kh1 Qd3 19. Qf1 Qxd2
20. d6 Rxd6 21. Nb5 Rh6 22. Qg1 Re7 23. Ba3 a6 24. Nxc7 Rxc7 25. Rxc7+ Kxc7 26.
b5 Re6 27. Qc5+ Kd7 0-1

[Event "Elit(Orgryte-Eksjo)"]
[Site "?"]
[Date "2011.02.05"]
[Round "7"]
[White "Al-Saadi, Ali Ghazi"]
[Black "Arnelind, Mikael"]
[Result "1/2-1/2"]
[WhiteElo "2114"]
[BlackElo "2215"]
[PlyCount "58"]

1. e4 e6 2. d4 d5 3. Nd2 Nf6 4. e5 Nfd7 5. Bd3 c5 6. c3 Nc6 7. Ngf3 g6 8. h4 h6
9. O-O Qc7 10. a3 b6 11. b4 Bb7 12. Re1 c4 13. Bc2 Be7 14. Nf1 O-O-O 15. Bf4
Rdg8 16. Qd2 Qd8 17. Bxh6 Bxh4 18. Bg5 Bxg5 19. Qxg5 Qf8 20. Ng3 Ne7 21. Nh2
Nf5 22. Nhf1 Kc7 23. f3 Rh7 24. Kf2 Rgh8 25. a4 a6 26. a5 b5 27. Rab1 Bc8 28.
Ne3 Nxg3 29. Qxg3 Bb7 1/2-1/2

[Event "Elit(Orgryte-Eksjo)"]
[Site "?"]
[Date "2011.02.05"]
[Round "7"]
[White "Zackrisson, Mattias"]
[Black "Andersson, Johan"]
[Result "1/2-1/2"]
[WhiteElo "2200"]
[BlackElo "2115"]
[PlyCount "47"]

1. e4 d6 2. d3 g6 3. g3 Bg7 4. Bg2 c5 5. f4 Nc6 6. Nf3 e6 7. Nbd2 Nge7 8. O-O
O-O 9. c3 Rb8 10. a4 a6 11. Nh4 Qc7 12. g4 f5 13. gxf5 exf5 14. Ndf3 b5 15.
axb5 axb5 16. Re1 Kh8 17. Ng5 h6 18. exf5 Bxf5 19. Ne6 Bxe6 20. Rxe6 Rf6 21.
Qe1 Kh7 22. Ra6 Rxe6 23. Qxe6 Qc8 24. Qxc8 1/2-1/2

[Event "Elit(Orgryte-Eksjo)"]
[Site "?"]
[Date "2011.02.05"]
[Round "7"]
[White "Gustafsson, Olof"]
[Black "Virolainen, Victor"]
[Result "0-1"]
[WhiteElo "2117"]
[BlackElo "2161"]
[PlyCount "54"]

1. e4 e6 2. d4 d5 3. exd5 exd5 4. c4 Bb4+ 5. Bd2 Qe7+ 6. Be2 Nf6 7. Nf3 O-O 8.
O-O Bxd2 9. Nbxd2 Nc6 10. Re1 Qb4 11. Qc2 h6 12. Rad1 Bg4 13. a3 Qd6 14. Qd3
Rae8 15. c5 Qd7 16. b4 a6 17. b5 axb5 18. Qxb5 Ra8 19. Qb2 Rfe8 20. Ne5 Nxe5
21. dxe5 Bxe2 22. Rxe2 Qc6 23. Nb3 Nd7 24. Nd4 Qxc5 25. Rc1 Qxa3 26. Qxa3 Rxa3
27. Rxc7 Ra1+ 0-1

[Event "Elit(Orgryte-Eksjo)"]
[Site "?"]
[Date "2011.02.05"]
[Round "7"]
[White "Goransson, Michael"]
[Black "Akvist, Hakan"]
[Result "1/2-1/2"]
[WhiteElo "1838"]
[BlackElo "2087"]
[PlyCount "107"]

1. d4 Nf6 2. Nf3 g6 3. c4 Bg7 4. Nc3 c5 5. g3 O-O 6. Bg2 cxd4 7. Nxd4 Nc6 8.
O-O d6 9. Nxc6 bxc6 10. Bxc6 Rb8 11. b3 Qa5 12. Bd2 Qh5 13. Bg2 Ng4 14. h3 Nf6
15. e4 Bg4 16. hxg4 Nxg4 17. Re1 f5 18. e5 f4 19. Bxf4 g5 20. exd6 gxf4 21.
Qd5+ Qxd5 22. Bxd5+ Kh8 23. dxe7 Bxc3 24. exf8=Q+ Rxf8 25. gxf4 Bxa1 26. Rxa1
Rxf4 27. Rf1 Kg7 28. Kg2 Kf6 29. Bf3 Ne5 30. Bb7 Rg4+ 31. Kh3 Rg7 32. Bd5 Nd3
33. Kh2 Rg5 34. f4 Rg4 35. Be4 Nc5 36. Bc2 Ne6 37. Kh3 h5 38. Bd1 Rxf4 39.
Rxf4+ Nxf4+ 40. Kh4 Ke5 41. Bxh5 Kd4 42. Kg5 Nd3 43. Bg6 Nc1 44. Bb1 a5 45. Kf6
a4 46. bxa4 Kxc4 47. a3 Kc5 48. Ke5 Nb3 49. Bd3 Nd4 50. Ke4 Nb3 51. Ke5 Nd4 52.
Kf6 Kb6 53. Ke7 Ka5 54. Bb5 1/2-1/2

[Event "Elit(Manhem-LASK)"]
[Site "?"]
[Date "2011.02.05"]
[Round "7"]
[White "Grandelius, Nils"]
[Black "Welin, Mats"]
[Result "1-0"]
[WhiteElo "2637"]
[BlackElo "2397"]
[PlyCount "37"]

1. d4 Nf6 2. c4 e6 3. Nc3 Bb4 4. e3 b6 5. Nge2 c5 6. a3 Ba5 7. Rb1 Na6 8. f3
O-O 9. d5 d6 10. Kf2 exd5 11. cxd5 Nh5 12. g4 Qh4+ 13. Kg2 Nf6 14. Ng3 Nxg4 15.
Bxa6 Nxe3+ 16. Bxe3 Bxa6 17. b4 f5 18. f4 Qf6 19. Qd2 1-0

[Event "Elit(Manhem-LASK)"]
[Site "?"]
[Date "2011.02.05"]
[Round "7"]
[White "Akesson, Joel"]
[Black "Smith, Axel"]
[Result "1/2-1/2"]
[WhiteElo "2368"]
[BlackElo "2540"]
[PlyCount "96"]

1. c4 g6 2. g3 Bg7 3. Bg2 Nf6 4. Nc3 O-O 5. e4 d6 6. Nge2 c5 7. O-O Nc6 8. d3
Bd7 9. h3 a6 10. a4 Ne8 11. Be3 Nc7 12. d4 cxd4 13. Nxd4 Ne6 14. Nde2 Nc5 15.
Rb1 a5 16. b3 Be6 17. Nd5 f5 18. Ndf4 Bc8 19. Bxc5 dxc5 20. exf5 Bxf5 21. Bd5+
Kh8 22. Ne6 Bxe6 23. Bxe6 Nd4 24. Nxd4 Bxd4 25. Kg2 Rf6 26. Bd5 Qc7 27. Qe2
Raf8 28. f3 Be5 29. f4 Bd4 30. Rf3 e6 31. Be4 Kg7 32. Rbf1 b6 33. Qd2 R6f7 34.
Qe2 Qe7 35. h4 h5 36. Qc2 Rf6 37. Qe2 Qd6 38. Qc2 R8f7 39. Qb1 Qd8 40. Qc2 Rd7
41. Rd1 Ba1 42. Rxd7+ Qxd7 43. Rd3 Bd4 44. Rf3 Qd6 45. Qd3 Qc7 46. Qc2 Qd6 47.
Qd3 Qc7 48. Qc2 Qd6 1/2-1/2